LIBRARY & INFORMATION CENTRE, KCAET, TAVANUR

ONLINE PUBLIC ACCESS CATALOGUE (OPAC)

Collected works of Mahatma Gandhi, Vol 2 / (Record no. 144)

MARC details
000 -LEADER
fixed length control field 01048cam a2200205ua 4500
041 ## - LANGUAGE CODE
Language code of text/sound track or separate title eng
082 ## - DEWEY DECIMAL CLASSIFICATION NUMBER
Classification number 320.58
Item number MIN/CO
245 ## - TITLE STATEMENT
Title Collected works of Mahatma Gandhi, Vol 2 /
250 ## - EDITION STATEMENT
Edition statement 1 /
260 ## - PUBLICATION, DISTRIBUTION, ETC. (IMPRINT)
Place of publication India :
Name of publisher Ministry of I&B, Govt. of India ,
Year of publication 1958.
300 ## - PHYSICAL DESCRIPTION
Number of Pages 398 ; .
650 ## - SUBJECT ADDED ENTRY--TOPICAL TERM
Topical Term Gandhiana
942 ## - ADDED ENTRY ELEMENTS (KOHA)
Koha item type Books
Holdings
Withdrawn status Lost status Damaged status Home library Current library Date acquired Full call number Accession Number Koha item type
Withdrawn     KAUAET Kelappaji 07/04/2012 320.58 2702 Books
free website counter